| 000 | 00465nam a22001817a 4500 | ||
|---|---|---|---|
| 003 | CEME | ||
| 005 | 20210628205107.0 | ||
| 008 | 210224b xxu||||| |||| 00| 0 eng d | ||
| 020 | _a0-89006-415-6 | ||
| 040 | _c. | ||
| 082 | _a621.3013 BEN'H | ||
| 100 |
_aSwegle, John Benford, James _973849 |
||
| 245 | _aHigh power microwaves | ||
| 260 |
_aBOSTON _bARTECH HOUSE _c1992 |
||
| 300 | _a412P | ||
| 650 |
_aMICROWAVES MICROWAVES DEVICES _973850 |
||
| 942 |
_cBK _2ddc |
||
| 999 |
_c579485 _d579485 |
||